000 00769nam a2200229Ii 4500
003 JO-AjNU
008 230605s9999||||xx |||||||||||||| ||und||
017 _a2006/4/975
040 _aJO-AjNU
_bara
_erda
_cJO-AjNU
041 _aara
050 1 4 _aB175.A7M87.2006
100 3 _aمشتاق،حازم طالب,
_eauthor
_920841
245 0 0 _aمن الكون الى الإنسان في الفكر اليوناني والتاريخ الفلسفي
250 _aط1
264 3 1 _aعمان:دار ورد للنشر والتوزيع ،2006
300 _a130ص
336 _atext
_btxt
_2rdacontent
337 _aunmediated
_bn
_2rdamedia
338 _avolume
_bnc
_2rdacarrier
490 0 _aسلسلة دراسات6
650 4 _aالفلسفة اليونانية
_920842
999 _aA7139
_c10707
_d10707